Statistiques concernant Pays qui battent l'Italie

Cliquez ici pour prendre le quiz!

Statistiques générales

  • Ce quiz a été pris 15 864 fois
  • Le résultat moyen est 16 sur 20

Statistiques - réponses

RangCatégoriePays% Correct
4Production de fromage la plus importanteEtats-Unis | Allemagne | France
100%
5Plus peuplé d'EuropeRussie | Allemagne | Royaume-Uni | France
90%
5Plus de touristes internationauxFrance | Espagne | Etats-Unis | Chine
89%
4Plus longue frontière avec la France métropolitaineEspagne | Belgique | Suisse
88%
3Plus de restaurants étoilésFrance | Japon
88%
4Plus de morts chez les Alliés durant la Première guerre mondialeRussie | France | Royaume-Uni
88%
5Plus d'impôts en EuropeDanemark | France | Belgique | Finlande
87%
2Plus deviné au quiz des pays du mondeFrance
87%
4Visitant le plus la FranceAllemagne | Royaume-Uni | Belgique
86%
4Avec la capitale la plus devinée sur JetPunkFrance | Allemagne | Espagne
86%
5Plus longues côtes d'EuropeNorvège | Russie | Grèce | Royaume-Uni
86%
5Plus grand pays de l'Empire RomainTurquie | Egypte | France | Espagne
86%
6Plus chaud d'EuropeMalte | Grèce | Vatican | Portugal | Monaco
85%
4Exportations vers la France les plus importantesAllemagne | Etats-Unis | Espagne
83%
3Importations depuis la France les plus importantesAllemagne | Chine
82%
2Production d'huile d'olive la plus importanteEspagne
78%
3Capitale la plus peuplée de l'Union Européenne
(intra-muros)
Allemagne | Espagne
75%
2Plus méridional d'EuropeGrèce
70%
2Plus haut pourcentage de locuteurs italiensSaint-Marin
62%
3Plus petite frontière avec un autre paysBotswana/Zambie | Espagne/Royaume-Uni
40%

Distribution des résultats

Percentile par nombre de réponses

% des personnes avec chaque résultat

Votre développement - résultats

Vous n’avez pas pris ce quiz